[Event "EYCC Open-U16 2019"]
[Site "Bratislava"]
[Date "2019.08.06"]
[Round "5.29"]
[White "Torngren, Gustav"]
[Black "Alonso Garcia, Aaron"]
[Result "0-1"]
[WhiteElo "2109"]
[BlackElo "2248"]
[Annotator "NA"]
[PlyCount "98"]
[EventDate "2019.08.02"]
[EventType "swiss"]
[EventCountry "SVK"]
[SourceTitle "playchess.com"]
[Source "ChessBase"]
[SourceQuality "1"]
[TimeControl "40/5400+30:1800+30"]

1. c4 {[%emt 0:00:00]} c5 {[%emt 0:00:04]} 2. g3 {[%emt 0:00:00]} Nc6 {[%emt 0:00:22]} 3. Bg2 {[%emt 0:00:00]} g6 {[%emt 0:00:29]} 4. Nc3 {[%emt 0:00:39]} Bg7 {[%emt 0:00:05]} 5. Nf3 {[%emt 0:01:32]} e5 {[%emt 0:00:47]} 6. O-O {[%emt 0:00:24]} Nge7 {[%emt 0:00:03]} 7. Ne1 {[%emt 0:00:31]} d6 {[%emt 0:00:38]} 8. Nc2 {[%emt 0:00:12]} Be6 {[%emt 0:00:17]} 9. Ne3 {[%emt 0:00:26]} O-O {[%emt 0:00:06]} 10. Ned5 {[%emt 0:00:35]} Qd7 {[%emt 0:05:05]} 11. a3 {[%emt 0:03:20]} Bh3 {[%emt 0:05:44]} 12. b4 {[%emt 0:06:01]} Bxg2 {[%emt 0:02:27]} 13. Kxg2 {[%emt 0:00:30]} f5 {[%emt 0:01:41]} 14. b5 {[%emt 0:00:38]} Nxd5 {[%emt 0:06:15]} 15. Nxd5 {[%emt 0:04:48]} Nd4 {[%emt 0:12:31]} 16. Bb2 {[%emt 0:13:54]} Ne6 {[%emt 0:00:12]} 17. f4 {[%emt 0:03:25]} Rae8 {[%emt 0:02:04]} 18. e3 {[%emt 0:06:01]} Rf7 {[%emt 0:13:06]} 19. Qc2 {[%emt 0:03:42]} Nc7 {[%emt 0:04:41]} 20. Nxc7 {[%emt 0:06:03]} Qxc7 {[%emt 0:00:01]} 21. Qd3 {[%emt 0:00:51]} e4 {[%emt 0:04:06]} 22. Qc2 {[%emt 0:00:20]} d5 {[%emt 0:03:46]} 23. Bxg7 {[%emt 0:02:26]} Rxg7 {[%emt 0:00:33]} 24. cxd5 {[%emt 0:12:35]} Qd6 {[%emt 0:01:04]} 25. Rac1 {[%emt 0:01:14]} b6 {[%emt 0:00:58]} 26. Qc4 {[%emt 0:07:49]} Rd7 {[%emt 0:00:22]} 27. Kf2 {[%emt 0:06:18]} Qxd5 {[%emt 0:00:30]} 28. Ke2 {[%emt 0:00:30]} Red8 {[%emt 0:06:19]} 29. Qxd5+ {[%emt 0:02:03]} Rxd5 {[%emt 0:00:01]} 30. Rc2 {[%emt 0:00:01]} Rd3 {[%emt 0:02:48]} 31. Ra1 {[%emt 0:00:11]} Rb3 {[%emt 0:00:04]} 32. a4 {[%emt 0:00:10]} Kf7 {[%emt 0:00:50]} 33. Rac1 {[%emt 0:05:37]} Ke6 {[%emt 0:04:46]} 34. Rc3 {[%emt 0:00:46]} Rb4 {[%emt 0:03:23]} 35. Rc4 {[%emt 0:00:49]} Rxc4 {[%emt 0:00:25]} 36. Rxc4 {[%emt 0:00:02]} Kd5 {[%emt 0:00:01]} 37. Rc1 {[%emt 0:04:14]} c4 {[%emt 0:00:04]} 38. Kd1 {[%emt 0:00:23]} Kc5 {[%emt 0:00:11]} 39. Kc2 {[%emt 0:00:19]} Rd3 {[%emt 0:01:16]} 40. Ra1 {[%emt 0:00:00]} Kb4 {[%emt 0:00:00]} 41. h3 {[%emt 0:05:52]} Ra3 {[%emt 0:04:50]} 42. Rb1+ {[%emt 0:00:04]} Kc5 {[%emt 0:00:18]} 43. g4 {[%emt 0:00:41]} Rxa4 {[%emt 0:00:48]} 44. Rg1 {[%emt 0:02:22]} Ra2+ {[%emt 0:00:10]} 45. Kc3 {[%emt 0:00:08]} a6 {[%emt 0:00:12]} 46. Rb1 {[%emt 0:01:55]} axb5 {[%emt 0:00:06]} 47. Rxb5+ {[%emt 0:00:08]} Kxb5 {[%emt 0:00:04]} 48. Kd4 {[%emt 0:00:06]} Rxd2+ {[%emt 0:00:05]} 49. Ke5 {[%emt 0:00:06]} c3 {[%emt 0:00:03] Kd4} 0-1

[Event "EYCC Open-U16 2019"]
[Site "Bratislava"]
[Date "2019.08.06"]
[Round "5.30"]
[White "Lomandong, Marc-Antoine"]
[Black "Turcan, Richard"]
[Result "1-0"]
[WhiteElo "2073"]
[BlackElo "2232"]
[Annotator "NA"]
[PlyCount "79"]
[EventDate "2019.08.02"]
[EventType "swiss"]
[EventCountry "SVK"]
[SourceTitle "playchess.com"]
[Source "ChessBase"]
[SourceQuality "1"]
[TimeControl "40/5400+30:1800+30"]

1. d4 {[%emt 0:00:00]} d5 {[%emt 0:00:01]} 2. Bf4 {[%emt 0:00:00]} Nf6 {[%emt 0:00:31]} 3. e3 {[%emt 0:00:33]} c5 {[%emt 0:00:41]} 4. c3 {[%emt 0:05:39]} Nc6 5. Nd2 {[%emt 0:00:27]} e6 {[%emt 0:05:56]} 6. Bd3 {[%emt 0:01:51]} Bd6 {[%emt 0:07:42]} 7. Bg3 {[%emt 0:04:14]} O-O {[%emt 0:07:49]} 8. Ngf3 {[%emt 0:00:05]} b6 {[%emt 0:05:51]} 9. Ne5 {[%emt 0:01:32]} Qc7 {[%emt 0:06:08]} 10. f4 {[%emt 0:02:33]} a5 {[%emt 0:07:58]} 11. Bh4 {[%emt 0:15:09]} Be7 {[%emt 0:14:25]} 12. Qf3 {[%emt 0:09:51]} Ba6 {[%emt 0:04:53]} 13. Bc2 {[%emt 0:15:09]} cxd4 {[%emt 0:04:22]} 14. Nxc6 {[%emt 0:00:15]} Qxc6 {[%emt 0:00:11]} 15. exd4 {[%emt 0:00:04]} Rfc8 {[%emt 0:03:15]} 16. g4 {[%emt 0:09:27]} Qc7 {[%emt 0:07:08]} 17. Bg3 {[%emt 0:06:47]} Bd6 {[%emt 0:00:58]} 18. h4 {[%emt 0:00:10]} b5 {[%emt 0:03:50]} 19. g5 {[%emt 0:10:50]} Nd7 {[%emt 0:07:40]} 20. g6 {[%emt 0:01:38]} b4 {[%emt 0:02:48]} 21. gxf7+ {[%emt 0:04:52]} Kf8 {[%emt 0:00:26]} 22. c4 {[%emt 0:03:03]} b3 {[%emt 0:03:40]} 23. axb3 {[%emt 0:05:05]} dxc4 {[%emt 0:00:05]} 24. bxc4 {[%emt 0:02:03]} Bb4 {[%emt 0:01:15]} 25. b3 {[%emt 0:00:10]} Nf6 {[%emt 0:02:34]} 26. f5 {[%emt 0:00:56]} Qe7 {[%emt 0:01:03]} 27. c5 {[%emt 0:00:30]} Bb7 {[%emt 0:01:06]} 28. Qe2 {[%emt 0:00:12]} Bxd2+ {[%emt 0:00:27]} 29. Kxd2 {[%emt 0:00:13]} Qxf7 {[%emt 0:00:56]} 30. fxe6 {[%emt 0:00:24]} Qe8 {[%emt 0:00:37]} 31. Bd6+ {[%emt 0:00:27]} Kg8 {[%emt 0:00:02]} 32. Rhg1 {[%emt 0:00:10]} Bd5 {[%emt 0:00:35]} 33. Rxg7+ {[%emt 0:01:34]} Kxg7 {[%emt 0:00:27]} 34. Rg1+ {[%emt 0:00:06]} Kh8 {[%emt 0:00:12]} 35. Bf5 {[%emt 0:00:56]} Rd8 {[%emt 0:01:13]} 36. Qe5 {[%emt 0:00:16]} Qf8 {[%emt 0:00:37]} 37. Bxf8 {[%emt 0:00:21]} Rxf8 {[%emt 0:00:04]} 38. e7 {[%emt 0:00:42]} Rf7 {[%emt 0:00:03]} 39. Bd7 {[%emt 0:00:14]} Rg8 {[%emt 0:01:04]} 40. e8=Q {[%emt 0:00:00]} 1-0

[Event "EYCC Open-U16 2019"]
[Site "Bratislava"]
[Date "2019.08.06"]
[Round "5.31"]
[White "Bettalli, Francesco"]
[Black "Barak, David"]
[Result "0-1"]
[WhiteElo "2095"]
[BlackElo "2015"]
[Annotator "NA"]
[PlyCount "132"]
[EventDate "2019.08.02"]
[EventType "swiss"]
[EventCountry "SVK"]
[SourceTitle "playchess.com"]
[Source "ChessBase"]
[SourceQuality "1"]
[TimeControl "40/5400+30:1800+30"]

1. d4 {[%emt 0:00:18]} Nf6 {[%emt 0:00:00]} 2. c4 {[%emt 0:00:05]} e6 {[%emt 0:00:00]} 3. Nc3 {[%emt 0:00:03]} d5 {[%emt 0:00:00]} 4. Bg5 {[%emt 0:00:13]} Be7 {[%emt 0:00:00]} 5. Nf3 {[%emt 0:00:05]} h6 {[%emt 0:00:00]} 6. Bh4 {[%emt 0:00:04]} O-O {[%emt 0:00:02]} 7. e3 {[%emt 0:00:02]} b6 {[%emt 0:00:08]} 8. Bd3 {[%emt 0:01:31]} Bb7 {[%emt 0:00:51]} 9. cxd5 {[%emt 0:00:51]} Nxd5 {[%emt 0:02:16]} 10. Bxe7 {[%emt 0:02:22]} Qxe7 {[%emt 0:01:03]} 11. Rc1 {[%emt 0:00:12]} c5 {[%emt 0:15:18]} 12. Nxd5 {[%emt 0:01:47]} exd5 {[%emt 0:00:27]} 13. dxc5 {[%emt 0:02:14]} bxc5 {[%emt 0:00:19]} 14. O-O {[%emt 0:00:06]} Nd7 {[%emt 0:05:38]} 15. Qa4 {[%emt 0:02:58]} Nb6 {[%emt 0:07:31]} 16. Qf4 {[%emt 0:02:04]} Rac8 {[%emt 0:14:15]} 17. h4 {[%emt 0:08:25]} Rc6 {[%emt 0:06:42]} 18. Qf5 {[%emt 0:02:22]} g6 {[%emt 0:02:20]} 19. Qf4 {[%emt 0:00:37]} Kg7 {[%emt 0:05:20]} 20. Qg3 {[%emt 0:04:32]} Nd7 {[%emt 0:10:00]} 21. Bb5 {[%emt 0:05:41]} Rcc8 {[%emt 0:05:59]} 22. h5 {[%emt 0:02:00]} Rfd8 {[%emt 0:13:46]} 23. hxg6 {[%emt 0:05:08]} fxg6 {[%emt 0:00:12]} 24. Nh4 {[%emt 0:00:41]} Qg5 {[%emt 0:06:22]} 25. Qh3 {[%emt 0:02:24]} Nf8 {[%emt 0:01:51]} 26. f4 {[%emt 0:00:21]} Qf6 {[%emt 0:00:29]} 27. Bd3 {[%emt 0:00:48]} Rc7 {[%emt 0:01:33]} 28. Qg3 {[%emt 0:00:37]} Rc6 {[%emt 0:01:02]} 29. b3 {[%emt 0:03:14]} Bc8 {[%emt 0:00:21]} 30. f5 {[%emt 0:03:37]} g5 {[%emt 0:00:23]} 31. Ng6 {[%emt 0:00:01]} a6 {[%emt 0:00:43]} 32. Ne5 {[%emt 0:01:40]} Nd7 {[%emt 0:00:27]} 33. Ng4 {[%emt 0:01:22]} Qf8 {[%emt 0:00:36]} 34. Qh2 {[%emt 0:01:19]} Rf6 {[%emt 0:00:28]} 35. Nxf6 {[%emt 0:00:39]} Qxf6 {[%emt 0:00:06]} 36. Qc7 {[%emt 0:01:41]} Kh8 {[%emt 0:00:46]} 37. Kh1 {[%emt 0:04:27]} Re8 {[%emt 0:00:30]} 38. Bb1 {[%emt 0:01:28]} Kg8 {[%emt 0:00:43]} 39. Rcd1 {[%emt 0:00:51]} Qe5 {[%emt 0:00:26]} 40. Qc6 {[%emt 0:00:00]} Nf6 {[%emt 0:00:00]} 41. Rxd5 {[%emt 0:03:59]} Qxd5 {[%emt 0:23:58]} 42. Qxf6 {[%emt 0:00:01]} Rxe3 {[%emt 0:00:33]} 43. Qg6+ {[%emt 0:00:45]} Kf8 {[%emt 0:00:07]} 44. Qxh6+ {[%emt 0:00:23]} Kf7 {[%emt 0:00:15]} 45. Qh7+ {[%emt 0:00:26]} Kf8 {[%emt 0:00:42]} 46. Qh8+ {[%emt 0:02:07]} Kf7 {[%emt 0:00:11]} 47. Kg1 {[%emt 0:01:51]} Bb7 {[%emt 0:06:24]} 48. Qh5+ {[%emt 0:00:32]} Kf8 {[%emt 0:00:17]} 49. Qh6+ {[%emt 0:00:21]} Kf7 {[%emt 0:00:56]} 50. Qxg5 {[%emt 0:00:09]} Qd4 {[%emt 0:00:54]} 51. Qg6+ {[%emt 0:01:45]} Kf8 {[%emt 0:00:37]} 52. Qh6+ {[%emt 0:00:08]} Kf7 {[%emt 0:00:11]} 53. Qh5+ {[%emt 0:01:23]} Kf8 {[%emt 0:00:06]} 54. Qh6+ {[%emt 0:09:14]} Kf7 {[%emt 0:00:14]} 55. Kh2 {[%emt 0:00:54]} Qe5+ {[%emt 0:02:40]} 56. Qf4 {[%emt 0:00:02]} Qxf4+ {[%emt 0:00:29]} 57. Rxf4 {[%emt 0:00:01]} Re2 {[%emt 0:00:03]} 58. Rg4 {[%emt 0:00:17]} Rb2 {[%emt 0:00:21]} 59. Bd3 {[%emt 0:00:06]} Rxa2 {[%emt 0:00:29]} 60. Bc4+ {[%emt 0:02:59]} Kf6 {[%emt 0:00:14]} 61. Be6 {[%emt 0:00:07]} Rc2 {[%emt 0:01:23]} 62. Rg6+ {[%emt 0:01:50]} Ke5 {[%emt 0:00:09]} 63. Kh3 {[%emt 0:00:52]} Be4 {[%emt 0:00:42]} 64. g4 {[%emt 0:00:13]} Kf4 {[%emt 0:00:18]} 65. Bd5 {[%emt 0:03:55]} Bxd5 66. Rd6 Bf3 {[%emt 0:00:48]} 0-1

[Event "EYCC Open-U16 2019"]
[Site "Bratislava"]
[Date "2019.08.06"]
[Round "5.32"]
[White "Zetocha, Adrian"]
[Black "Sismeiro, Miguel"]
[Result "0-1"]
[WhiteElo "2193"]
[BlackElo "2103"]
[Annotator "NA"]
[PlyCount "81"]
[EventDate "2019.08.02"]
[EventType "swiss"]
[EventCountry "SVK"]
[SourceTitle "playchess.com"]
[Source "ChessBase"]
[SourceQuality "1"]
[TimeControl "40/5400+30:1800+30"]

1. d4 {[%emt 0:00:00]} Nf6 {[%emt 0:00:00]} 2. c4 {[%emt 0:00:00]} g6 {[%emt 0:00:00]} 3. Nc3 {[%emt 0:00:10]} d5 {[%emt 0:00:00]} 4. cxd5 {[%emt 0:00:56]} Nxd5 {[%emt 0:00:03]} 5. e4 {[%emt 0:00:19]} Nxc3 {[%emt 0:00:04]} 6. bxc3 {[%emt 0:00:09]} Bg7 {[%emt 0:00:04]} 7. Bc4 {[%emt 0:01:01]} O-O {[%emt 0:00:29]} 8. Ne2 {[%emt 0:00:30]} Nc6 {[%emt 0:01:16]} 9. O-O {[%emt 0:01:04]} b6 {[%emt 0:00:59]} 10. Be3 {[%emt 0:11:43]} Bb7 {[%emt 0:04:32]} 11. Rb1 {[%emt 0:11:17]} e5 {[%emt 0:12:56]} 12. Bd5 {[%emt 0:05:17]} Na5 {[%emt 0:06:59]} 13. Bxb7 {[%emt 0:01:55]} Nxb7 {[%emt 0:00:06]} 14. f3 {[%emt 0:08:36]} Qe7 {[%emt 0:09:15]} 15. Re1 {[%emt 0:16:47]} c5 {[%emt 0:08:21]} 16. dxe5 {[%emt 0:13:06]} Qxe5 {[%emt 0:09:40]} 17. c4 {[%emt 0:03:10]} Na5 {[%emt 0:05:25]} 18. Rc1 {[%emt 0:02:20]} Rfd8 {[%emt 0:03:54]} 19. Qc2 {[%emt 0:02:27]} Nc6 {[%emt 0:10:29]} 20. Nf4 {[%emt 0:00:17]} Nb4 {[%emt 0:02:03]} 21. Qe2 {[%emt 0:01:10]} Qb2 {[%emt 0:02:24]} 22. Qxb2 {[%emt 0:02:55]} Bxb2 {[%emt 0:00:16]} 23. Rb1 {[%emt 0:08:02]} Be5 {[%emt 0:04:07]} 24. Nd5 {[%emt 0:01:51]} Nc2 {[%emt 0:08:10]} 25. Bg5 {[%emt 0:01:09]} Nxe1 {[%emt 0:00:05]} 26. Bxd8 {[%emt 0:01:11]} Nxf3+ {[%emt 0:00:05]} 27. gxf3 {[%emt 0:00:08]} Rxd8 {[%emt 0:00:02]} 28. Ne7+ {[%emt 0:00:30]} Kg7 {[%emt 0:01:08]} 29. Nc6 {[%emt 0:00:11]} Bd4+ {[%emt 0:00:30]} 30. Kf1 {[%emt 0:02:22]} Rd7 {[%emt 0:00:44]} 31. Rd1 {[%emt 0:00:35]} Kf6 {[%emt 0:01:00]} 32. f4 {[%emt 0:00:56]} g5 {[%emt 0:04:32]} 33. fxg5+ {[%emt 0:00:50]} Kxg5 {[%emt 0:00:17]} 34. Ne5 {[%emt 0:02:19]} Rc7 {[%emt 0:03:47]} 35. Nd3 {[%emt 0:01:45]} Re7 {[%emt 0:00:58]} 36. Re1 {[%emt 0:00:12]} f5 {[%emt 0:01:32]} 37. exf5 {[%emt 0:00:21]} Rxe1+ {[%emt 0:01:02]} 38. Nxe1 {[%emt 0:00:50]} Kxf5 {[%emt 0:00:06]} 39. a4 {[%emt 0:00:37]} Ke4 {[%emt 0:00:17]} 40. Ke2 {[%emt 0:00:00]} h5 {[%emt 0:00:00]} 41. Nf3 {[%emt 0:05:12]} 0-1

[Event "EYCC Open-U16 2019"]
[Site "Bratislava"]
[Date "2019.08.06"]
[Round "5.33"]
[White "Palczert, Botond"]
[Black "Melaa, Sondre"]
[Result "0-1"]
[WhiteElo "2022"]
[BlackElo "2118"]
[Annotator "NA"]
[PlyCount "80"]
[EventDate "2019.08.02"]
[EventType "swiss"]
[EventCountry "SVK"]
[SourceTitle "playchess.com"]
[Source "ChessBase"]
[SourceQuality "1"]
[TimeControl "40/5400+30:1800+30"]

1. d4 {[%emt 0:00:00]} d5 {[%emt 0:00:00]} 2. c4 {[%emt 0:00:00]} e6 {[%emt 0:00:00]} 3. Nc3 {[%emt 0:00:15]} Nf6 {[%emt 0:00:05]} 4. cxd5 {[%emt 0:00:22]} exd5 {[%emt 0:00:09]} 5. Bg5 {[%emt 0:00:10]} c6 {[%emt 0:00:10]} 6. e3 {[%emt 0:00:17]} Nbd7 {[%emt 0:00:20]} 7. Bd3 {[%emt 0:01:42]} Be7 {[%emt 0:00:15]} 8. h3 {[%emt 0:01:05]} h6 {[%emt 0:07:08]} 9. Bf4 {[%emt 0:00:55]} Nb6 {[%emt 0:01:30]} 10. Nf3 {[%emt 0:01:03]} Bd6 {[%emt 0:14:43]} 11. Ne5 {[%emt 0:03:32]} Qe7 {[%emt 0:03:03]} 12. O-O {[%emt 0:04:44]} Nbd7 {[%emt 0:03:29]} 13. Nxd7 {[%emt 0:02:21]} Bxd7 {[%emt 0:00:59]} 14. Bxd6 {[%emt 0:00:33]} Qxd6 {[%emt 0:00:12]} 15. Qc2 {[%emt 0:00:10]} O-O {[%emt 0:20:59]} 16. b4 {[%emt 0:09:12]} Rac8 {[%emt 0:08:07]} 17. Rfc1 {[%emt 0:08:38]} Ne8 {[%emt 0:06:56]} 18. Qa4 {[%emt 0:01:52]} a6 {[%emt 0:02:28]} 19. Qc2 {[%emt 0:07:02]} f5 {[%emt 0:05:06]} 20. f4 {[%emt 0:05:32]} Qxb4 {[%emt 0:03:18]} 21. Rab1 {[%emt 0:07:56]} Qe7 {[%emt 0:00:33]} 22. Rxb7 {[%emt 0:00:33]} Qxe3+ {[%emt 0:00:20]} 23. Kh1 {[%emt 0:00:29]} Rc7 {[%emt 0:03:34]} 24. Bxa6 {[%emt 0:07:10]} Rxb7 {[%emt 0:02:56]} 25. Bxb7 {[%emt 0:00:11]} Nd6 {[%emt 0:00:25]} 26. Rb1 {[%emt 0:09:26]} Qxf4 {[%emt 0:10:31]} 27. a4 {[%emt 0:06:31]} Qxd4 {[%emt 0:04:32]} 28. a5 {[%emt 0:01:22]} Nc4 {[%emt 0:00:18]} 29. a6 {[%emt 0:00:02]} Na3 {[%emt 0:01:33]} 30. Qd1 {[%emt 0:04:26]} Qxc3 {[%emt 0:00:29]} 31. Rb3 {[%emt 0:02:15]} Qc5 {[%emt 0:00:25]} 32. Qa1 {[%emt 0:01:00]} Nb5 {[%emt 0:00:15]} 33. Qa5 {[%emt 0:01:39]} f4 {[%emt 0:01:01]} 34. Rf3 {[%emt 0:00:48]} d4 {[%emt 0:00:27]} 35. Qd2 {[%emt 0:00:20]} g5 {[%emt 0:00:25]} 36. h4 {[%emt 0:00:31]} Bg4 {[%emt 0:00:27]} 37. Rf1 {[%emt 0:00:02]} f3 {[%emt 0:00:41]} 38. g3 {[%emt 0:00:25]} Bh3 {[%emt 0:00:30]} 39. Qd3 {[%emt 0:01:33]} Qf5 {[%emt 0:00:25]} 40. Rxf3 {[%emt 0:00:00]} Qxf3+ {[%emt 0:00:00]} 0-1

[Event "EYCC Open-U16 2019"]
[Site "Bratislava"]
[Date "2019.08.06"]
[Round "5.34"]
[White "Gomez Carreno, Martin"]
[Black "Bukatin, Arseny"]
[Result "0-1"]
[WhiteElo "2078"]
[BlackElo "2016"]
[Annotator "NA"]
[PlyCount "56"]
[EventDate "2019.08.02"]
[EventType "swiss"]
[EventCountry "SVK"]
[SourceTitle "playchess.com"]
[Source "ChessBase"]
[SourceQuality "1"]
[TimeControl "40/5400+30:1800+30"]

1. e4 {[%emt 0:00:00]} e5 {[%emt 0:00:00]} 2. Nf3 {[%emt 0:00:00]} Nc6 {[%emt 0:00:00]} 3. Bb5 {[%emt 0:00:00]} a6 {[%emt 0:00:00]} 4. Ba4 {[%emt 0:00:00]} Nf6 {[%emt 0:00:00]} 5. O-O {[%emt 0:00:00]} Be7 {[%emt 0:00:00]} 6. Re1 {[%emt 0:00:05]} b5 {[%emt 0:00:00]} 7. Bb3 {[%emt 0:00:06]} d6 {[%emt 0:00:00]} 8. c3 {[%emt 0:00:07]} O-O {[%emt 0:00:04]} 9. d4 {[%emt 0:00:06]} Bg4 {[%emt 0:00:44]} 10. Be3 {[%emt 0:00:07]} Bh5 {[%emt 0:00:24]} 11. h3 {[%emt 0:02:40]} exd4 {[%emt 0:07:20]} 12. cxd4 {[%emt 0:01:06]} Na5 {[%emt 0:06:55]} 13. Bc2 {[%emt 0:00:35]} Nc4 {[%emt 0:02:23]} 14. Bc1 {[%emt 0:00:07]} d5 {[%emt 0:03:13]} 15. e5 {[%emt 0:11:02]} Ne4 {[%emt 0:00:05]} 16. b3 {[%emt 0:03:42]} Nb6 {[%emt 0:02:07]} 17. Bxe4 {[%emt 0:05:27]} dxe4 {[%emt 0:00:06]} 18. Rxe4 {[%emt 0:00:06]} f6 {[%emt 0:18:53]} 19. Nbd2 {[%emt 0:21:32]} Nd5 {[%emt 0:08:16]} 20. Bb2 {[%emt 0:06:20]} fxe5 {[%emt 0:01:16]} 21. dxe5 {[%emt 0:22:50]} Nf4 {[%emt 0:00:23]} 22. Kh2 {[%emt 0:03:41]} Bc5 {[%emt 0:07:10]} 23. Qf1 {[%emt 0:10:28]} Qd5 {[%emt 0:03:23]} 24. Bc3 {[%emt 0:05:19]} Nxg2 {[%emt 0:13:22]} 25. Nd4 {[%emt 0:03:37]} Nf4 {[%emt 0:00:59]} 26. Rae1 {[%emt 0:02:46]} Bg6 {[%emt 0:05:56]} 27. Qh1 {[%emt 0:00:50]} b4 {[%emt 0:03:55]} 28. Ba1 {[%emt 0:00:36]} Ne6 {[%emt 0:00:59]} 0-1

[Event "EYCC Open-U16 2019"]
[Site "Bratislava"]
[Date "2019.08.06"]
[Round "5.35"]
[White "Stankovic, Milos M"]
[Black "Ghachava, Akaki"]
[Result "1/2-1/2"]
[WhiteElo "2270"]
[BlackElo "1777"]
[Annotator "NA"]
[PlyCount "57"]
[EventDate "2019.08.02"]
[EventType "swiss"]
[EventCountry "SVK"]
[SourceTitle "playchess.com"]
[Source "ChessBase"]
[SourceQuality "1"]
[TimeControl "40/5400+30:1800+30"]

1. c4 {[%emt 0:00:00]} c5 {[%emt 0:00:00]} 2. Nc3 {[%emt 0:00:24]} Nc6 {[%emt 0:00:00]} 3. Nf3 {[%emt 0:01:58]} g6 {[%emt 0:00:24]} 4. d4 {[%emt 0:01:37]} cxd4 {[%emt 0:00:06]} 5. Nxd4 {[%emt 0:00:07]} Bg7 {[%emt 0:00:02]} 6. Nxc6 {[%emt 0:13:02]} bxc6 {[%emt 0:02:32]} 7. e4 {[%emt 0:02:44]} Rb8 {[%emt 0:11:28]} 8. Qc2 {[%emt 0:04:47]} Nf6 {[%emt 0:04:31]} 9. Be2 {[%emt 0:13:55]} O-O {[%emt 0:06:20]} 10. O-O {[%emt 0:00:32]} d6 {[%emt 0:04:33]} 11. Be3 {[%emt 0:07:55]} Qa5 {[%emt 0:01:55]} 12. Rac1 {[%emt 0:01:53]} Be6 {[%emt 0:09:04]} 13. b3 {[%emt 0:09:13]} Rfc8 {[%emt 0:02:06]} 14. Qd2 {[%emt 0:06:33]} Rd8 {[%emt 0:05:48]} 15. Rfd1 {[%emt 0:01:53]} Rd7 {[%emt 0:06:55]} 16. h3 {[%emt 0:08:00]} Rbd8 {[%emt 0:03:18]} 17. Bf3 {[%emt 0:00:30]} Qa6 {[%emt 0:00:07]} 18. Qc2 {[%emt 0:01:45]} h6 {[%emt 0:02:07]} 19. Rd2 {[%emt 0:01:49]} Kh7 {[%emt 0:05:58]} 20. Rcd1 {[%emt 0:01:30]} Qa5 {[%emt 0:02:47]} 21. Na4 {[%emt 0:06:24]} Rc7 {[%emt 0:06:03]} 22. Nc5 {[%emt 0:05:00]} Nd7 {[%emt 0:04:07]} 23. Nxd7 {[%emt 0:06:00]} Rcxd7 {[%emt 0:01:46]} 24. Bd4 {[%emt 0:03:09]} Bxd4 {[%emt 0:02:19]} 25. Rxd4 {[%emt 0:00:03]} Qc5 {[%emt 0:00:33]} 26. Qd2 {[%emt 0:00:50]} a5 {[%emt 0:01:49]} 27. Be2 {[%emt 0:01:08]} Rb8 {[%emt 0:01:04]} 28. Rb1 {[%emt 0:00:40]} Rdb7 {[%emt 0:00:38]} 29. Bg4 {[%emt 0:00:35]} 1/2-1/2

[Event "EYCC Open-U16 2019"]
[Site "Bratislava"]
[Date "2019.08.06"]
[Round "5.36"]
[White "Fernandez Garcia, Gumersindo"]
[Black "Gavrilin, Roman"]
[Result "1/2-1/2"]
[WhiteElo "2011"]
[BlackElo "2131"]
[Annotator "NA"]
[PlyCount "50"]
[EventDate "2019.08.02"]
[EventType "swiss"]
[EventCountry "SVK"]
[SourceTitle "playchess.com"]
[Source "ChessBase"]
[SourceQuality "1"]
[TimeControl "40/5400+30:1800+30"]

1. d4 {[%emt 0:00:00]} Nf6 {[%emt 0:00:00]} 2. c4 {[%emt 0:00:00]} e6 {[%emt 0:00:00]} 3. g3 {[%emt 0:00:24]} d5 {[%emt 0:00:04]} 4. Nf3 {[%emt 0:00:13]} Be7 {[%emt 0:00:06]} 5. Bg2 {[%emt 0:00:22]} O-O {[%emt 0:00:10]} 6. Qc2 {[%emt 0:00:42]} Nbd7 {[%emt 0:00:10]} 7. O-O {[%emt 0:00:33]} c6 {[%emt 0:00:05]} 8. Nbd2 {[%emt 0:00:19]} b6 {[%emt 0:00:07]} 9. e4 {[%emt 0:00:13]} dxc4 {[%emt 0:00:05]} 10. Nxc4 {[%emt 0:08:07]} Bb7 {[%emt 0:00:07]} 11. Nfe5 {[%emt 0:04:59]} Rc8 {[%emt 0:10:47]} 12. Rd1 {[%emt 0:03:35]} b5 {[%emt 0:05:40]} 13. Nxd7 {[%emt 0:07:25]} Nxd7 {[%emt 0:00:26]} 14. Ne3 {[%emt 0:00:56]} Qb6 {[%emt 0:05:48]} 15. Qe2 {[%emt 0:09:43]} Rfd8 {[%emt 0:05:35]} 16. a4 {[%emt 0:05:53]} a5 {[%emt 0:29:33]} 17. Bd2 {[%emt 0:21:18]} b4 {[%emt 0:03:18]} 18. Nc4 {[%emt 0:02:33]} Qa6 {[%emt 0:01:50]} 19. Bf4 {[%emt 0:06:13]} Nb6 {[%emt 0:05:28]} 20. Bf1 {[%emt 0:04:37]} Nxc4 {[%emt 0:08:26]} 21. Qxc4 {[%emt 0:00:01]} Qxc4 {[%emt 0:00:20]} 22. Bxc4 {[%emt 0:00:02]} c5 {[%emt 0:02:25]} 23. d5 {[%emt 0:00:48]} exd5 {[%emt 0:00:11]} 24. exd5 {[%emt 0:00:32]} Bf6 {[%emt 0:09:56]} 25. d6 {[%emt 0:13:59]} Bc6 {[%emt 0:02:20]} 1/2-1/2